[Event "Irkutsk-ch"]
[Site "Irkutsk"]
[Date "2016.12.25"]
[Round "7"]
[White "Ergeshov, Timur"]
[Black "Kron, Valentin"]
[Result "1/2-1/2"]
[WhiteElo "2279"]
[BlackElo "2378"]
[PlyCount "110"]
[EventDate "2016.12.16"]
[EventType "tourn"]
[EventRounds "9"]
[EventCountry "RUS"]
[SourceTitle "CBM 176 Extra"]
[Source "ChessBase"]
[SourceDate "2017.03.02"]
[SourceVersion "1"]
[SourceVersionDate "2017.03.02"]
[SourceQuality "1"]

1. d4 Nf6 2. c4 c5 3. Nf3 cxd4 4. Nxd4 e5 5. Nb3 d5 6. cxd5 Qxd5 7. Qxd5 Nxd5 8. e4 Nb4 9. Na3 Be6 10. Be3 Nd7 11. Bb5 a6 12. Bxd7+ Bxd7 13. 0-0 Rc8 14. Rfc1 Be7 15. Rxc8+ Bxc8 16. Nc4 f6 17. a3 Be6 18. Nba5 Nc2 19. Rc1 Nxe3 20. Nxe3 Kd7 21. Nec4 Bxc4 22. Nxc4 Rb8 23. Nb6+ Ke6 24. Kf1 Bd8 25. Nd5 Kd7 26. Ke2 Rc8 27. Rxc8 Kxc8 28. Kd3 Kd7 29. Kc4 Kc6 30. a4 Kd6 31. g4 Kc6 32. f3 Kd6 33. b4 Kc6 34. a5 b5+ 35. axb6 Bxb6 36. h4 Bd8 37. h5 g6 38. Ne3 Bb6 39. Nd5 Bd8 40. Nc3 Bb6 41. Kb3 Kd6 42. Nd5 Bd8 43. Kc3 Kc6 44. Kc4 Kd6 45. hxg6 hxg6 46. b5 axb5+ 47. Kxb5 f5 48. Ne3 fxg4 49. fxg4 Bg5 50. Nc4+ Ke6 51. Kc6 Bf4 52. Kc5 Bc1 53. Kc6 Bf4 54. Kc5 Bc1 55. Kc6 Bf4 1/2-1/2

[Event "Angarsk Golden Autumn"]
[Site "Angarsk"]
[Date "2015.10.29"]
[Round "13"]
[White "Mjakonkikh, Dmitry"]
[Black "Kron, Valentin"]
[Result "1/2-1/2"]
[WhiteElo "2211"]
[BlackElo "2408"]
[PlyCount "20"]
[EventDate "2015.10.19"]
[EventType "tourn"]
[EventRounds "13"]
[EventCountry "RUS"]
[SourceTitle "EXT 2018"]
[Source "ChessBase"]
[SourceDate "2017.10.13"]
[SourceVersion "1"]
[SourceVersionDate "2017.10.13"]
[SourceQuality "1"]

1. d4 d5 2. c4 c6 3. Nf3 Nf6 4. Nc3 e6 5. cxd5 exd5 6. Bg5 Be7 7. Qc2 g6 8. e3 Bf5 9. Bd3 Bxd3 10. Qxd3 0-0 1/2-1/2

[Event "Angarsk Golden Autumn"]
[Site "Angarsk"]
[Date "2015.10.24"]
[Round "6"]
[White "Kron, Valentin"]
[Black "Kuzmin, Ilya"]
[Result "0-1"]
[WhiteElo "2408"]
[BlackElo "2268"]
[PlyCount "94"]
[EventDate "2015.10.19"]
[EventType "tourn"]
[EventRounds "13"]
[EventCountry "RUS"]
[SourceTitle "EXT 2018"]
[Source "ChessBase"]
[SourceDate "2017.10.13"]
[SourceVersion "1"]
[SourceVersionDate "2017.10.13"]
[SourceQuality "1"]

1. c4 Nf6 2. Nc3 c6 3. e4 e5 4. Nf3 Bb4 5. Be2 d6 6. Qc2 0-0 7. 0-0 h6 8. a3 Bc5 9. b4 Bd4 10. Bb2 Qe7 11. d3 c5 12. Nxd4 cxd4 13. Nb1 g5 14. Nd2 Nc6 15. Rfc1 Be6 16. c5 Rac8 17. Qa4 a6 18. cxd6 Qxd6 19. b5 axb5 20. Qxb5 Na7 21. Qa5 Nc6 22. Qa4 Nd7 23. Qd1 b5 24. a4 b4 25. Nc4 Bxc4 26. Rxc4 Na5 27. Rxc8 Rxc8 28. h4 Kg7 29. Bg4 Rc3 30. hxg5 hxg5 31. Qf3 Nc5 32. Rd1 Nab3 33. Qg3 Nxa4 34. Bxc3 dxc3 35. Be6 fxe6 36. Qxg5+ Kf7 37. f4 c2 38. Rf1 Qc5+ 39. Kh2 c1Q 40. Rxc1 Nxc1 41. fxe5 Nxd3 42. Qf6+ Ke8 43. Qxe6+ Kd8 44. Qg8+ Kc7 45. Qf7+ Kb6 46. e6 Ne5 47. Qe8 Nc6 0-1

[Event "Angarsk Golden Autumn"]
[Site "Angarsk"]
[Date "2015.10.20"]
[Round "2"]
[White "Fellenger, Alexander"]
[Black "Kron, Valentin"]
[Result "0-1"]
[WhiteElo "2142"]
[BlackElo "2408"]
[PlyCount "74"]
[EventDate "2015.10.19"]
[EventType "tourn"]
[EventRounds "13"]
[EventCountry "RUS"]
[SourceTitle "EXT 2018"]
[Source "ChessBase"]
[SourceDate "2017.10.13"]
[SourceVersion "1"]
[SourceVersionDate "2017.10.13"]
[SourceQuality "1"]

1. e4 d5 2. Nc3 d4 3. Nce2 e5 4. d3 c5 5. g3 Nc6 6. Bg2 h5 7. f4 exf4 8. gxf4 h4 9. Nh3 Bg4 10. 0-0 Qd7 11. Ng5 Be7 12. f5 h3 13. Bf3 Nh6 14. Bf4 Bxg5 15. Bxg5 Ne5 16. Bxg4 Nhxg4 17. Qd2 a5 18. Kh1 Ra6 19. Bf4 Qe7 20. Bxe5 Qxe5 21. Nf4 Ne3 22. Rf3 Rh4 23. Qf2 Rhh6 24. c4 a4 25. Re1 b5 26. b3 axb3 27. axb3 b4 28. Nd5 Ng4 29. Qg3 Ra2 30. Rf4 Rxh2+ 31. Qxh2 Nxh2 32. Ra1 Rd6 33. Rh4 Rh6 34. Rf4 Rd6 35. Rh4 g5 36. Ra8+ Rd8 37. Ra7 gxh4 0-1

[Event "Angarsk Golden Autumn"]
[Site "Angarsk"]
[Date "2015.10.19"]
[Round "1"]
[White "Kron, Valentin"]
[Black "Bychkov, Vladimir"]
[Result "1/2-1/2"]
[WhiteElo "2408"]
[BlackElo "2090"]
[PlyCount "231"]
[EventDate "2015.10.19"]
[EventType "tourn"]
[EventRounds "13"]
[EventCountry "RUS"]
[SourceTitle "EXT 2018"]
[Source "ChessBase"]
[SourceDate "2017.10.13"]
[SourceVersion "1"]
[SourceVersionDate "2017.10.13"]
[SourceQuality "1"]

1. c4 d6 2. Nc3 Nf6 3. g3 g6 4. Bg2 Bg7 5. e4 0-0 6. Nge2 c5 7. 0-0 Nc6 8. d3 a6 9. h3 Rb8 10. a4 Ne8 11. Be3 Nc7 12. d4 cxd4 13. Nxd4 e5 14. Nb3 Ne6 15. Nd5 Ned4 16. Kh2 f5 17. exf5 Bxf5 18. Rc1 Kh8 19. Re1 Qd7 20. Nd2 Rbe8 21. b4 Be6 22. Rb1 Nf5 23. Ne4 Ncd4 24. Rb2 b5 25. axb5 Bxd5 26. cxd5 axb5 27. h4 Bh6 28. Qg4 Qe7 29. Bxd4 Nxd4 30. Ra1 Ra8 31. Rba2 Rxa2 32. Rxa2 Nf5 33. h5 Kg7 34. Ra5 Rb8 35. Qe2 Rb7 36. hxg6 hxg6 37. Rxb5 Nd4 38. Rxb7 Qxb7 39. Qc4 Qd7 40. Qa6 Qg4 41. Nxd6 Qh5+ 42. Kg1 Ne2+ 43. Kf1 Nxg3+ 44. Ke1 Qh2 45. Bf1 Nxf1 46. Qxf1 Qf4 47. Qc4 Qd2+ 48. Kf1 Bf4 49. Ne4 Qd1+ 50. Kg2 Qh5 51. Qd3 Qh2+ 52. Kf1 Qh1+ 53. Ke2 g5 54. b5 Qh5+ 55. f3 g4 56. fxg4 Qxg4+ 57. Qf3 Qd7 58. Nc3 Qd6 59. Kd3 Qc5 60. Qe4 Kf7 61. Qc4 Qxc4+ 62. Kxc4 Be3 63. Kd3 Bd4 64. Ne2 Bb6 65. Ke4 Bc7 66. Ng3 Ke7 67. Kd3 Bb6 68. Ne4 Kd7 69. Kc4 Ke7 70. Kb4 Kd7 71. Kc3 Bd4+ 72. Kd2 Bg1 73. Ke2 Kc7 74. Kd3 Kd7 75. Nd2 Kd6 76. Kc4 Bb6 77. Ne4+ Kd7 78. Ng3 Ke7 79. Nf5+ Kd7 80. Kd3 Bc5 81. Ke4 Kc7 82. Kxe5 Kb6 83. Nd4 Bf8 84. d6 Bg7+ 85. Kd5 Bf6 86. Kc4 Be5 87. Kd5 Bf6 88. Nf5 Kxb5 89. Ne7 Bc3 90. Nc6 Bd2 91. d7 Bg5 92. Kd6 Bf4+ 93. Ne5 Bg5 94. Nc6 Bf4+ 95. Kd5 Bg5 96. Nd4+ Kb6 97. Kd6 Kb7 98. Nf5 Bd8 99. Ne7 Ba5 100. Nc6 Bc7+ 101. Kd5 Bb6 102. Nb4 Ba5 103. Ke6 Bd8 104. Nd5 Kc6 105. Ne7+ Kc7 106. Nf5 Kc6 107. Nd6 Bc7 108. Nf7 Ba5 109. Ne5+ Kb7 110. Ke7 Bb4+ 111. Ke8 Ba5 112. Nc4 Bc7 113. Ke7 Kc6 114. Ne5+ Kb7 115. Ke6 Bd8 116. Nf7 1/2-1/2

[Event "Buryatia-ch Superfinal 2nd"]
[Site "Ulan-Ude"]
[Date "2014.01.09"]
[Round "7"]
[White "Kron, Valentin"]
[Black "Batchimeg, Tuvshintugs"]
[Result "0-1"]
[WhiteElo "2423"]
[BlackElo "2357"]
[PlyCount "168"]
[EventDate "2014.01.05"]
[EventType "swiss"]
[EventRounds "9"]
[EventCountry "RUS"]
[SourceTitle "EXT 2015"]
[Source "ChessBase"]
[SourceDate "2014.11.20"]
[SourceVersion "1"]
[SourceVersionDate "2014.11.20"]
[SourceQuality "1"]

1. c4 e5 2. Nc3 Nf6 3. Nf3 Nc6 4. e3 Be7 5. d4 exd4 6. Nxd4 0-0 7. Be2 Re8 8. 0-0 Bc5 9. Nxc6 bxc6 10. Bf3 Bb7 11. Qc2 Bf8 12. Rd1 Qc8 13. b3 c5 14. Nd5 Nxd5 15. cxd5 a5 16. Bb2 d6 17. Be4 h6 18. Bh7+ Kh8 19. Bf5 Qd8 20. Qe2 Qg5 21. Qf3 Kg8 22. g3 Bc8 23. Bxc8 Rexc8 24. Rac1 a4 25. Rc4 axb3 26. axb3 Rcb8 27. Rd3 Ra2 28. Rg4 Qe7 29. Bf6 Qd7 30. Kg2 g6 31. h3 Bg7 32. Re4 Re8 33. Qg4 Qb5 34. Rxe8+ Qxe8 35. Bxg7 Kxg7 36. Qc4 Qe5 37. e4 Re2 38. Kf3 Re1 39. b4 f5 40. exf5 gxf5 41. Qc3 cxb4 42. Qxe5+ Rxe5 43. Kf4 Kf6 44. f3 b3 45. Rxb3 Rxd5 46. g4 c5 47. Ke3 Rd1 48. Rb8 fxg4 49. hxg4 d5 50. Rf8+ Kg7 51. Rc8 c4 52. Ke2 Rd3 53. Rc6 Rd4 54. Ke3 Rd1 55. Ke2 Rd3 56. f4 Rg3 57. Rc5 Rxg4 58. Kf3 Rg6 59. Rxd5 Rc6 60. Ke2 c3 61. Kd1 c2+ 62. Kc1 Kg6 63. Re5 Rc4 64. Rd5 h5 65. Re5 Rxf4 66. Kxc2 Rd4 67. Kc3 Rd6 68. Re8 h4 69. Rg8+ Kf5 70. Rf8+ Kg4 71. Rg8+ Kh3 72. Kc2 Rd4 73. Rg1 Kh2 74. Rg8 Kh3 75. Rg1 Kh2 76. Rg8 h3 77. Rg7 Kh1 78. Rg8 h2 79. Rg7 Ra4 80. Kd2 Ra1 81. Ke2 Rg1 82. Rf7 Kg2 83. Rg7+ Kh3 84. Rh7+ Kg3 0-1

[Event "Ulan-Ude Sangha"]
[Site "Ulan-Ude"]
[Date "2013.09.08"]
[Round "1"]
[White "Kron, Valentin"]
[Black "Tsydypov, Zhamsaran"]
[Result "0-1"]
[WhiteElo "2425"]
[BlackElo "2375"]
[PlyCount "102"]
[EventDate "2013.09.08"]
[EventType "tourn"]
[EventRounds "11"]
[EventCountry "RUS"]
[EventCategory "7"]
[SourceTitle "EXT 2018"]
[Source "ChessBase"]
[SourceDate "2017.10.13"]
[SourceVersion "1"]
[SourceVersionDate "2017.10.13"]
[SourceQuality "1"]

1. d4 g6 2. e4 Bg7 3. Nc3 c6 4. Nf3 d6 5. a4 Nf6 6. Be2 0-0 7. 0-0 Qc7 8. h3 e5 9. dxe5 dxe5 10. Bc4 Nh5 11. Re1 Nd7 12. Be3 Nf4 13. Qd2 Nb6 14. Bf1 Rd8 15. Qc1 Ne6 16. a5 Nd7 17. Rd1 Ndf8 18. Ra4 Bd7 19. Qa1 Be8 20. Rd2 Rxd2 21. Nxd2 Nd4 22. Qc1 Nfe6 23. Nd1 Nf4 24. Kh2 Rd8 25. c3 c5 26. Ra1 Nde6 27. b3 Bc6 28. Qc2 Qe7 29. Nb2 Ng5 30. Nbc4 Kh8 31. g3 Nh5 32. Bg2 Ne6 33. Re1 Qc7 34. Nf1 Nhf4 35. Bh1 f5 36. Bxf4 exf4 37. exf5 Ng5 38. Bxc6 Qxc6 39. Nfd2 Rf8 40. Qd3 Rxf5 41. g4 Rd5 42. Re8+ Bf8 43. Qe2 Kg7 44. Nf3 Nf7 45. Qe4 Qd7 46. Nce5 Nxe5 47. Rxe5 Rd3 48. Kg2 Rxc3 49. Rd5 Qc6 50. a6 bxa6 51. Ng5 Kg8 0-1

[Event "Buryatia-ch"]
[Site "Ulan-Ude"]
[Date "2013.01.05"]
[Round "5"]
[White "Khaptaev, Anatoli"]
[Black "Kron, Valentin"]
[Result "0-1"]
[WhiteElo "2110"]
[BlackElo "2438"]
[PlyCount "128"]
[EventDate "2013.01.02"]
[EventType "swiss"]
[EventRounds "9"]
[EventCountry "RUS"]
[SourceTitle "CBM 152 Extra"]
[Source "ChessBase"]
[SourceDate "2013.02.25"]
[SourceVersion "1"]
[SourceVersionDate "2013.02.25"]
[SourceQuality "1"]

1. Nf3 f5 2. g3 Nf6 3. c4 g6 4. b3 Bg7 5. Bb2 0-0 6. Bg2 d6 7. 0-0 e5 8. d3 h6 9. Nbd2 Kh7 10. Qc2 a5 11. a3 Na6 12. e4 fxe4 13. dxe4 Bd7 14. Rfe1 b6 15. Nb1 Qe8 16. Nc3 Qf7 17. Nd5 Bg4 18. Nh4 Be6 19. f4 Bxd5 20. exd5 exf4 21. Bxf6 f3 22. Bxg7 f2+ 23. Kh1 fxe1Q+ 24. Rxe1 Qxg7 25. Nxg6 Rfe8 26. Nf4+ Kh8 27. Ne6 Nc5 28. Rf1 Nxe6 29. dxe6 Rf8 30. Re1 Rae8 31. Qd2 Rf6 32. Bh3 Re7 33. Kg2 Qg6 34. b4 a4 35. Qc3 Kg8 36. Re2 Rf8 37. Re1 Qf6 38. Qxf6 Rxf6 39. Bg4 Kf8 40. Re4 Rg7 41. c5 d5 42. Rd4 Ke7 43. cxb6 cxb6 44. b5 Kd6 45. Rxa4 Kc5 46. Rb4 Rg5 47. h4 Re5 48. h5 Rf8 49. Rf4 Ra8 50. a4 Re4 51. Rxe4 dxe4 52. Bf5 Kd6 53. Bxe4 Rxa4 54. Bc6 Kxe6 55. Kf3 Kf5 56. g4+ Ke5 57. Kg3 Ra3+ 58. Kf2 Kf4 59. Bd7 Ra2+ 60. Ke1 Rg2 61. Kf1 Rd2 62. Be6 Rd6 63. Bc4 Kxg4 64. Be2+ Kg3 0-1

[Event "Buryatia-ch"]
[Site "Ulan-Ude"]
[Date "2013.01.05"]
[Round "6"]
[White "Kron, Valentin"]
[Black "Badmatsyrenov, Alexander"]
[Result "1-0"]
[WhiteElo "2438"]
[BlackElo "2205"]
[PlyCount "93"]
[EventDate "2013.01.02"]
[EventType "swiss"]
[EventRounds "9"]
[EventCountry "RUS"]
[SourceTitle "CBM 152 Extra"]
[Source "ChessBase"]
[SourceDate "2013.02.25"]
[SourceVersion "1"]
[SourceVersionDate "2013.02.25"]
[SourceQuality "1"]

1. c4 Nf6 2. Nc3 g6 3. g3 Bg7 4. Bg2 0-0 5. e4 d6 6. Nge2 e5 7. 0-0 c5 8. d3 Nc6 9. h3 Rb8 10. f4 exf4 11. Bxf4 Nh5 12. Be3 a6 13. Qd2 Be5 14. g4 Ng7 15. d4 cxd4 16. Nxd4 Nxd4 17. Bxd4 Ne6 18. Bxe5 dxe5 19. Nd5 Kg7 20. Rad1 f6 21. b4 Nd4 22. c5 Be6 23. Rf2 f5 24. gxf5 gxf5 25. Nf4 Qe7 26. Nxe6+ Qxe6 27. exf5 Rxf5 28. Rxf5 Qxf5 29. Rf1 Qh5 30. Kh2 Rf8 31. Rxf8 Kxf8 32. Qf2+ Ke7 33. Bxb7 Qg6 34. Bd5 Qc2 35. Qxc2 Nxc2 36. Be4 Nxb4 37. a3 Na2 38. Bxh7 Nc3 39. Bc2 Nb5 40. a4 Nd4 41. Be4 Ne6 42. c6 Nc5 43. Bc2 Kd6 44. h4 Kxc6 45. h5 Nd7 46. h6 Nf6 47. h7 1-0

[Event "Buryatia-ch"]
[Site "Ulan-Ude"]
[Date "2013.01.04"]
[Round "4"]
[White "Kron, Valentin"]
[Black "Zhuk, Valeriy"]
[Result "1-0"]
[WhiteElo "2438"]
[BlackElo "1959"]
[PlyCount "93"]
[EventDate "2013.01.02"]
[EventType "swiss"]
[EventRounds "9"]
[EventCountry "RUS"]
[SourceTitle "CBM 152 Extra"]
[Source "ChessBase"]
[SourceDate "2013.02.25"]
[SourceVersion "1"]
[SourceVersionDate "2013.02.25"]
[SourceQuality "1"]

1. e4 c5 2. Nc3 Nc6 3. g3 g6 4. Bg2 Bg7 5. d3 e5 6. f4 d6 7. Nh3 Nge7 8. 0-0 0-0 9. f5 gxf5 10. exf5 Bxf5 11. Rxf5 Nxf5 12. Qh5 Ncd4 13. Be4 f6 14. Bxf5 Nxf5 15. Qxf5 Qc8 16. g4 Qc6 17. Qe4 Qd7 18. Nd5 Rae8 19. Nf2 f5 20. gxf5 Rxf5 21. c4 Ref8 22. Be3 Kh8 23. Nh1 Rf3 24. Re1 Qh3 25. Nf2 Qh5 26. Qg4 Qf7 27. Qg2 Bh6 28. Ne4 Rg8 29. Ng3 Bxe3+ 30. Rxe3 Rxe3 31. Nxe3 Qf4 32. Qe2 Rf8 33. Kg2 a6 34. Ne4 Rg8+ 35. Kh1 Rg6 36. Qf2 Qxf2 37. Nxf2 b5 38. Ne4 bxc4 39. dxc4 a5 40. b3 h5 41. Nf5 h4 42. h3 Rg8 43. Nfxd6 Rf8 44. Kg2 Rf4 45. Nxc5 Rd4 46. Nce4 Kg7 47. Nf5+ 1-0

[Event "Buryatia-ch"]
[Site "Ulan-Ude"]
[Date "2013.01.03"]
[Round "2"]
[White "Kron, Valentin"]
[Black "Mitypov, Bair"]
[Result "0-1"]
[WhiteElo "2438"]
[BlackElo "2243"]
[PlyCount "132"]
[EventDate "2013.01.02"]
[EventType "swiss"]
[EventRounds "9"]
[EventCountry "RUS"]
[SourceTitle "CBM 152 Extra"]
[Source "ChessBase"]
[SourceDate "2013.02.25"]
[SourceVersion "1"]
[SourceVersionDate "2013.02.25"]
[SourceQuality "1"]

1. c4 e5 2. g3 Nf6 3. Bg2 c6 4. Nf3 e4 5. Nd4 d5 6. cxd5 Qxd5 7. e3 Bc5 8. Nc3 Qe5 9. 0-0 0-0 10. Nb3 Bb6 11. d4 exd3 12. Qxd3 Rd8 13. Qc2 Na6 14. a3 Be6 15. Nd2 Nc5 16. Nf3 Qh5 17. b4 Nd3 18. Na4 Ng4 19. Nxb6 axb6 20. Bb2 Bd5 21. h4 Be4 22. Qc3 Nxb2 23. Qxb2 Qd5 24. Ne1 Bxg2 25. Nxg2 Ne5 26. Ne1 b5 27. Qe2 h6 28. e4 Qd2 29. Qh5 Qc3 30. Ra2 Re8 31. Qd1 Rxa3 32. Rxa3 Qxa3 33. Qd6 Qc3 34. Kg2 Qc4 35. f3 Qe2+ 36. Kg1 f6 37. h5 Ra8 38. Qe6+ Kh8 39. f4 Ra2 40. Qc8+ Kh7 41. Qf5+ g6 42. hxg6+ Kg7 43. Qh3 Qe3+ 44. Kh1 Qxe4+ 45. Kg1 Qd4+ 46. Kh1 Nxg6 47. Nf3 Qe4 48. Qd7+ Qe7 49. Qd4 Qe2 50. Qd7+ Kf8 51. Qh3 Kf7 52. Kg1 Ne7 53. Qh5+ Kg7 54. Qh3 Nf5 55. Qg4+ Kf8 56. Qh3 h5 57. g4 Ne3 58. Re1 Qf2+ 59. Kh1 Nxg4 60. Rf1 Qe2 61. Nd4 Qe4+ 62. Nf3 Nf2+ 63. Rxf2 Rxf2 64. Qc8+ Kg7 65. Qd7+ Kh6 66. Kg1 Qxf3 0-1

[Event "Sibiria Region-ch"]
[Site "Irkutsk"]
[Date "2009.05.11"]
[Round "3"]
[White "Krasnopeev, Petr"]
[Black "Kron, Valentin"]
[Result "0-1"]
[WhiteElo "2151"]
[BlackElo "2409"]
[PlyCount "50"]
[EventDate "2009.05.10"]
[EventType "swiss"]
[EventRounds "9"]
[EventCountry "RUS"]
[SourceTitle "CBM 130 Extra"]
[Source "ChessBase"]
[SourceDate "2009.07.02"]
[SourceVersion "2"]
[SourceVersionDate "2009.07.15"]
[SourceQuality "1"]

1. d4 Nf6 2. c4 c5 3. Nf3 cxd4 4. Nxd4 e5 5. Nf3 Nc6 6. Nc3 Bb4 7. a3 Bxc3+ 8. bxc3 d5 9. cxd5 Qxd5 10. Qxd5 Nxd5 11. c4 Nc7 12. Bb2 f6 13. e3 Be6 14. Bd3 0-0-0 15. Ke2 Na6 16. Rac1 Nc5 17. Bb1 Na5 18. Ba2 b6 19. Nd2 Rd7 20. Bc3 Nab7 21. Rhd1 Rhd8 22. f3 Na4 23. h3 Nbc5 24. Ba1 Nd3 25. Rb1 Nf2 0-1

[Event "Sibiria Region-ch"]
[Site "Irkutsk"]
[Date "2009.05.11"]
[Round "2"]
[White "Kron, Valentin"]
[Black "Galeev, Maxim"]
[Result "1/2-1/2"]
[WhiteElo "2409"]
[BlackElo "2197"]
[PlyCount "81"]
[EventDate "2009.05.10"]
[EventType "swiss"]
[EventRounds "9"]
[EventCountry "RUS"]
[SourceTitle "CBM 130 Extra"]
[Source "ChessBase"]
[SourceDate "2009.07.02"]
[SourceVersion "2"]
[SourceVersionDate "2009.07.15"]
[SourceQuality "1"]

1. e4 c5 2. b3 Nc6 3. Bb2 e5 4. Bc4 Nf6 5. d3 a6 6. a4 d5 7. exd5 Nxd5 8. Nf3 f6 9. 0-0 Be7 10. Nc3 Nb6 11. Nd2 Nxc4 12. bxc4 Be6 13. Nb3 Nd4 14. Nxd4 cxd4 15. Ne4 0-0 16. a5 Bb4 17. f4 exf4 18. Rxf4 f5 19. Nf2 Bc5 20. h4 Qd6 21. Nh3 Rad8 22. Qc1 Rfe8 23. Kh1 Bd7 24. c3 Qg6 25. cxd4 Bd6 26. Qd2 Bxf4 27. Nxf4 Qg3 28. d5 Qxh4+ 29. Kg1 g5 30. Qc3 Qh6 31. Nh5 Kf7 32. Rf1 Kg6 33. g4 Rf8 34. Qe5 Bc8 35. Kg2 f4 36. Kf3 Bxg4+ 37. Kf2 Qxh5 38. Qg7+ Kf5 39. Qe5+ Kg6 40. Qg7+ Kf5 41. Qe5+ 1/2-1/2

[Event "Irkutsk-ch final op"]
[Site "Irkutsk"]
[Date "2008.10.08"]
[Round "5"]
[White "Kron, Valentin"]
[Black "Sergeev, Andrey2222"]
[Result "1-0"]
[WhiteElo "2420"]
[BlackElo "2030"]
[PlyCount "49"]
[EventDate "2008.09.30"]
[EventType "swiss"]
[EventRounds "9"]
[EventCountry "RUS"]
[SourceTitle "EXT 2022"]
[Source "ChessBase"]
[SourceDate "2021.10.06"]
[SourceVersion "1"]
[SourceVersionDate "2021.10.06"]
[SourceQuality "1"]

1. e4 c5 2. Nf3 Nc6 3. Bb5 e6 4. Bxc6 bxc6 5. d3 d5 6. 0-0 Nf6 7. Nc3 Be7 8. Qe2 0-0 9. b3 Qc7 10. Bg5 d4 11. Bxf6 Bxf6 12. Na4 Be7 13. e5 f6 14. exf6 Rxf6 15. Ne5 Bd6 16. Rae1 Ba6 17. f4 Raf8 18. g3 g5 19. Ng4 Rg6 20. fxg5 Rxf1+ 21. Rxf1 Kh8 22. Nh6 Bc8 23. Qf3 Qe7 24. Nf7+ Kg8 25. Qxc6 1-0

[Event "Irkutsk-ch final op"]
[Site "Irkutsk"]
[Date "2008.10.06"]
[Round "4"]
[White "Kron, Valentin"]
[Black "Goriachkin, Viktor"]
[Result "1-0"]
[WhiteElo "2420"]
[BlackElo "2098"]
[PlyCount "93"]
[EventDate "2008.09.30"]
[EventType "swiss"]
[EventRounds "9"]
[EventCountry "RUS"]
[SourceTitle "EXT 2022"]
[Source "ChessBase"]
[SourceDate "2021.10.06"]
[SourceVersion "1"]
[SourceVersionDate "2021.10.06"]
[SourceQuality "1"]

1. d4 Nf6 2. Nf3 d5 3. c4 c6 4. cxd5 cxd5 5. Nc3 e6 6. Bf4 Bd6 7. Bxd6 Qxd6 8. e3 a6 9. Ne5 0-0 10. Bd3 Nc6 11. f4 b5 12. 0-0 Rb8 13. Qe2 Bb7 14. Rfc1 Nb4 15. a4 Nxd3 16. Nxd3 b4 17. Nd1 Ne4 18. N1f2 a5 19. Nc5 Nxc5 20. Rxc5 Ba6 21. Qd1 Qb6 22. Rac1 Rbc8 23. Nd3 g6 24. Ne5 Rxc5 25. Rxc5 Rc8 26. Qc2 Rxc5 27. dxc5 Qc7 28. c6 f6 29. Nd7 Bc4 30. Nxf6+ Kf7 31. Ng4 Ke7 32. Ne5 Qb6 33. Kf2 Ba6 34. Nf3 Kd6 35. Nd4 e5 36. fxe5+ Kxe5 37. h3 Qd8 38. Kg1 Kd6 39. Qf2 Qe7 40. Qf4+ Kc5 41. Kf2 Bc8 42. Ke2 Ba6+ 43. Kd2 Kb6 44. Qb8+ Kc5 45. c7 Qd6 46. c8Q+ Bxc8 47. Qb5# 1-0

[Event "Irkutsk-ch final op"]
[Site "Irkutsk"]
[Date "2008.10.04"]
[Round "3"]
[White "Samarin, Sergei"]
[Black "Kron, Valentin"]
[Result "0-1"]
[WhiteElo "2161"]
[BlackElo "2420"]
[PlyCount "76"]
[EventDate "2008.09.30"]
[EventType "swiss"]
[EventRounds "9"]
[EventCountry "RUS"]
[SourceTitle "EXT 2022"]
[Source "ChessBase"]
[SourceDate "2021.10.06"]
[SourceVersion "1"]
[SourceVersionDate "2021.10.06"]
[SourceQuality "1"]

1. e4 c5 2. Nf3 Nc6 3. d4 cxd4 4. Nxd4 g6 5. c4 Bg7 6. Be3 Nf6 7. Nc3 0-0 8. Be2 d6 9. 0-0 Bd7 10. Rc1 Nxd4 11. Bxd4 Bc6 12. Qd3 a5 13. Nd5 Nd7 14. Bxg7 Kxg7 15. Qd4+ e5 16. Qd2 Nc5 17. Bd3 Bxd5 18. cxd5 Qb6 19. Bb1 Rfc8 20. Kh1 Qd8 21. Rc3 Nd7 22. Rh3 h5 23. g4 Nf6 24. Rg1 Qd7 25. Rh4 Nxg4 26. Bd3 Rh8 27. Bf1 Qd8 28. Rh3 Rc8 29. Rb3 b6 30. Bh3 Rc4 31. Bxg4 hxg4 32. Rxg4 Qc8 33. Qg5 Rc1+ 34. Kg2 Qc4 35. h4 Qf1+ 36. Kf3 Qh1+ 37. Ke3 Re1+ 38. Kd2 Qf1 0-1

[Event "Irkutsk-ch final op"]
[Site "Irkutsk"]
[Date "2008.10.02"]
[Round "2"]
[White "Kron, Valentin"]
[Black "Burdyko, Alexander"]
[Result "1-0"]
[WhiteElo "2420"]
[BlackElo "2093"]
[PlyCount "73"]
[EventDate "2008.09.30"]
[EventType "swiss"]
[EventRounds "9"]
[EventCountry "RUS"]
[SourceTitle "EXT 2022"]
[Source "ChessBase"]
[SourceDate "2021.10.06"]
[SourceVersion "1"]
[SourceVersionDate "2021.10.06"]
[SourceQuality "1"]

1. e4 e6 2. d4 d5 3. Nc3 Nf6 4. Bg5 Be7 5. e5 Nfd7 6. Bxe7 Qxe7 7. Qd2 a6 8. f4 c5 9. Nf3 Nc6 10. dxc5 Qxc5 11. 0-0-0 f6 12. exf6 Nxf6 13. Bd3 0-0 14. Rhf1 Nb4 15. g3 Nxd3+ 16. Qxd3 Bd7 17. Rfe1 Rae8 18. Qd4 Qxd4 19. Rxd4 Rb8 20. Ne5 Be8 21. a3 Nd7 22. Nxd7 Bxd7 23. Re5 g6 24. Kd2 Rf5 25. Re3 g5 26. Ne2 b5 27. fxg5 Rxg5 28. Nf4 Re8 29. Nd3 Rc8 30. Ne5 Be8 31. h4 Rg7 32. Rf4 Rgc7 33. c3 Kg7 34. Nf3 Re7 35. Re5 h6 36. Nd4 Bd7 37. Nf5+ 1-0

[Event "Berdsk Maestro op 14th"]
[Site "Berdsk"]
[Date "2008.07.08"]
[Round "1"]
[White "Kron, Valentin"]
[Black "Mukhin, Maxim"]
[Result "1-0"]
[WhiteElo "2420"]
[BlackElo "1990"]
[PlyCount "107"]
[EventDate "2008.07.08"]
[EventType "swiss"]
[EventRounds "9"]
[EventCountry "RUS"]
[SourceTitle "CBM 125 Extra"]
[Source "ChessBase"]
[SourceDate "2008.09.01"]
[SourceVersion "1"]
[SourceVersionDate "2008.09.01"]
[SourceQuality "1"]

1. d4 e6 2. e4 d5 3. Nc3 dxe4 4. Nxe4 Nd7 5. Bd3 Ngf6 6. Qe2 Nxe4 7. Bxe4 c6 8. c3 Nf6 9. Bc2 Bd6 10. Nf3 b6 11. Bg5 Bb7 12. 0-0-0 Qc7 13. Kb1 0-0-0 14. Rhe1 Rhe8 15. g3 h6 16. Bxf6 gxf6 17. Nd2 c5 18. dxc5 bxc5 19. Be4 Bxe4+ 20. Qxe4 Qb7 21. Nc4 Qxe4+ 22. Rxe4 Be7 23. Rxd8+ Rxd8 24. Kc2 Rd5 25. Rg4 Kd7 26. Rh4 Bf8 27. Ne3 Rd6 28. Ra4 a6 29. Rc4 Kc6 30. Rf4 Bg7 31. Rg4 Bf8 32. Rg8 Rd8 33. Ng4 Kd7 34. Nxf6+ Kd6 35. f3 Be7 36. Ne4+ Kd5 37. Rg7 f5 38. Nd2 Bf8 39. Ra7 Rd6 40. f4 Rc6 41. b3 Bd6 42. Rd7 e5 43. fxe5 Kxe5 44. Nc4+ Ke6 45. Rxd6+ Rxd6 46. Nxd6 Kxd6 47. Kd3 Kd5 48. b4 h5 49. a4 Kc6 50. Kc4 a5 51. bxa5 Kd6 52. a6 Kc6 53. a7 Kb7 54. Kxc5 1-0

[Event "RUS-chT Clubs"]
[Site "Sochi"]
[Date "2005.04.19"]
[Round "1"]
[White "Shkurikhin, Ilia"]
[Black "Kron, Valentin"]
[Result "1-0"]
[WhiteElo "2284"]
[BlackElo "2439"]
[PlyCount "85"]
[EventDate "2005.04.19"]
[EventType "team"]
[EventRounds "9"]
[EventCountry "RUS"]
[SourceTitle "EXT 2006"]
[Source "ChessBase"]
[SourceDate "2005.11.24"]
[SourceVersion "1"]
[SourceVersionDate "2005.11.24"]
[SourceQuality "1"]

1. d4 d5 2. c4 e6 3. Nc3 Nf6 4. Bg5 Be7 5. Nf3 0-0 6. e3 h6 7. Bh4 Ne4 8. Bxe7 Qxe7 9. Rc1 Nxc3 10. Rxc3 c6 11. Bd3 Nd7 12. Bb1 Re8 13. 0-0 g6 14. a3 a5 15. Re1 Rd8 16. Qc1 dxc4 17. e4 Kh7 18. Rxc4 e5 19. d5 c5 20. a4 b6 21. Rc3 Nf6 22. Nd2 Ne8 23. Nc4 Rb8 24. f4 f6 25. fxe5 fxe5 26. Rf1 Ba6 27. Rcf3 Ng7 28. Rf7 Qe8 29. Bd3 Qxa4 30. Qc3 Rg8 31. Nxe5 Bxd3 32. Qxd3 Rgd8 33. Nc6 Rg8 34. Nxb8 Rxb8 35. e5 Kg8 36. d6 Rd8 37. d7 Nf5 38. e6 Qh4 39. R7xf5 gxf5 40. Qd6 Qf6 41. e7 Qxd6 42. exd8Q+ Kg7 43. Qe8 1-0